Statistics for WWE Superstars

Click here to take the quiz!

General Stats

  • This quiz has been taken 990 times
  • The average score is 29 of 72

Answer Stats

FinisherAnswer% Correct
Atittude AdjustmentJohn Cena
97%
PedigreeTriple H
96%
RKORandy Orton
94%
Tombstone PiledriverUndertaker
94%
People's Elbow/Rock BottomThe Rock
92%
F5/KimuraBrock Lesnar
90%
Brogue KickSheamus
87%
ChokeslamKane
85%
World's Strongest SlamMark Henry
80%
Codebreaker/Walls of JerichoChris Jericho
77%
Zig Zag/SleeperDolph Ziggler
77%
619Rey Mysterio
77%
Cross RhodesCody Rhodes
76%
WMDBig Show
73%
No! LockDaniel Bryan
73%
Trouble in ParadiseKofi Kingston
71%
GTS/AnacondaCM Punk
70%
Triple PowerbombRoman Reigns
70%
ShellshockedRyback
69%
Triple PowerbombSeth Rollins
68%
Skull Crushing FinaleThe Miz
67%
Triple PowerbombDean Ambrose
66%
Rough RyderZack Ryder
63%
Samoan SplashJimmy Uso
52%
Clash of the TitusTitus O'Neil
52%
Patriot ActJack Swagger
51%
Little JimmyR-Truth
51%
CobraSantino Marella
51%
Cross ArmbreakerAlberto Del Rio
50%
Samoan SplashJey Uso
49%
Regal StretchWilliam Regal
47%
KillswitchChristian
46%
Khali Bomb/Vise GripThe Great Khali
46%
Bull Hammer ElbowWade Barrett
45%
Air BourneEvan Bourne
44%
What The Funk!Brodus Clay
39%
NeutralizerAntonio Cesaro
35%
Big EndingBig E Langston
31%
450 SplashJustin Gabriel
31%
SharpshooterNatalya
30%
Future Shock DDTDrew McIntyre
25%
Tadpole SplashHornswoggle
22%
Gut CheckDarren Young
18%
BackstabberPrimo
18%
Octopus/Shining WizardAJ Lee
17%
McGillicutterMichael McGillicutty
17%
Dream StreetTed DiBiase
17%
GomennasaiTensai
17%
BackstabberEpico
16%
Tilt-a-Whirl Headscissors Arm BarSin Cara
16%
Samoan SplashTamina
15%
Camel Clutch/Full Nelson SlamJinder Mahal
14%
Smash HitHeath Slater
13%
Dungeon LockTyson Kidd
13%
TerminusDamien Sandow
11%
The VerdictDavid Otunga
11%
Da Shout OutJTG
9%
SpearKaitlyn
9%
Springboard CrossbodyNaomi
9%
Heatseeking ElbowCurt Hawkins
7%
Torture RackEzekiel Jackson
7%
BombshellLayla
7%
Watch Yo' Face/Officer NastyAlicia Fox
6%
Springboard BulldogCameron
6%
Divo DropAksana
5%
Side Belly-To-Belly SuplexBo Dallas
5%
Roundhouse KickYoshi Tatsu
5%
Final ScoreAlex Riley
3%
Hell MakeoverRosa Mendes
3%
Falling StarHunico
2%
DDT/Diving HeadbuttCamacho
1%
Maine JamJohnny Curtis
1%

Score Distribution

Percentile by Number Answered

Percent of People with Each Score

Your Score History

You have not taken this quiz